[Event "Challenge"]
[Site "http://www.queenalice.com/game.php?id=1466604"]
[Date "2017.2.26"]
[Round "-"]
[White "ORNELAS"]
[Black "Dalri_Ultreya"]
[Result "0-1"]
[WhiteElo "1539"]
[BlackElo "1719"]

1. b3 d5 2. Ba3 Nc6 3. g3 Bf5 4. Bg2 e6 5. Bxf8 Kxf8 6. d3 Qg5 7. Nf3 Qf6 8. Nh4
Nh6 9. Nxf5 Nxf5 10. c3 d4 11. c4 e5 12. O-O a6 13. e4 Nh6 14. a3 Ke7 15. b4
Rhd8 16. a4 b6 17. Qd2 Kf8 18. b5 Ne7 19. bxa6 Rxa6 20. Qe2 Nc6 21. Bf3 Qe7 22.
Nd2 Qd7 23. Bh5 f6 24. Nf3 g6 25. Bxg6 hxg6 26. Nh4 Kg7 27. Kg2 g5 28. Nf5+ Nxf5
29. exf5 Qxf5 30. h3 Nb4 31. Rfd1 Rh8 32. Qg4 Qxg4 33. hxg4 c5 34. Rd2 b5 35.
cxb5 Re6 36. a5 e4 37. dxe4 Rxe4 38. a6 d3 39. a7 Ra8 40. Kf3 Re7 41. b6 Nc2 42.
Ra2 Nd4+ 0-1

[Event "Challenge"]
[Site "http://www.queenalice.com/game.php?id=1466605"]
[Date "2017.2.26"]
[Round "-"]
[White "ORNELAS"]
[Black "dmbenati"]
[Result "0-1"]
[WhiteElo "1641"]
[BlackElo "1644"]

1. b3 e5 2. d4 exd4 3. Qxd4 Nc6 4. Qe4+ Be7 5. Bb2 Nf6 6. Qf5 d6 7. Qg5 O-O 8.
e3 h6 9. Qg3 Nb4 10. Bd3 c6 11. a3 Nxd3+ 12. cxd3 Nh5 13. Qf3 Bf6 14. Qxh5 Bxb2
15. Ra2 Qf6 16. Nd2 Qc3 17. Ne2 Qe5 18. Qxe5 Bxe5 19. Nf3 Bf5 20. O-O Bxd3 21.
Nxe5 dxe5 22. Re1 Rad8 23. Ng3 f6 24. e4 Rd4 25. Nf5 Rxe4 26. Rxe4 Bxe4 27. Ne7+
Kh7 28. h3 a5 29. Re2 Bb1 30. a4 Re8 31. Rb2 Be4 32. f3 Bd3 33. Rd2 Bb1 34. Rd7
Rb8 35. Rd1 Bc2 36. Re1 Bxb3 37. Re4 Bc2 38. Rc4 Bd3 39. Rc3 Re8 40. Rxd3 Rxe7
41. h4 b5 42. axb5 cxb5 43. Rd5 Rb7 44. h5 a4 45. Rd3 b4 46. Kh2 a3 47. Rb3 f5
48. Kg3 g6 49. hxg6+ Kxg6 50. f4 exf4+ 51. Kxf4 a2 52. Rg3+ Kf6 53. Rh3 a1=Q 54.
Rxh6+ Kg7 55. Kg5 Qc1+ 56. Kh5 Qxh6# 0-1

[Event "Challenge"]
[Site "http://www.queenalice.com/game.php?id=1466606"]
[Date "2017.2.26"]
[Round "-"]
[White "ORNELAS"]
[Black "Kingkila"]
[Result "0-1"]
[WhiteElo "1569"]
[BlackElo "1832"]

1. b3 e5 2. d4 exd4 3. Qxd4 Nc6 4. Qe4+ Be7 5. Ba3 d5 6. Qa4 Bd7 7. Nf3 Bf6 8.
c3 d4 9. cxd4 Nxd4 10. Qc4 Nxf3+ 11. exf3 Bxa1 12. Qe4+ Ne7 13. Bxe7 Qxe7 14.
Qxe7+ Kxe7 15. Bc4 Rhe8 16. O-O b5 17. Bd5 c6 18. Be4 f5 19. Bd3 Rad8 20. Re1+
Kf6 21. Be2 b4 22. Nd2 Bc3 23. Kf1 Bxd2 24. Rd1 Bc3 25. Bc4 Be6 26. Rc1 Rd2 27.
g3 Bd4 28. Bxe6 Rxe6 29. Kg2 Bxf2 30. Kh3 Rxa2 31. Kh4 Be3 32. Rh1 Rf2 33. f4
g5+ 34. fxg5+ Bxg5+ 35. Kh3 Re3 36. Rd1 Ke6 37. Rd8 Rxb3 38. Rg8 h6 39. Rg6+ Kd5
40. Rg7 Rbb2 41. Rd7+ Ke6 42. g4 Rf3# 0-1

[Event "Challenge"]
[Site "http://www.queenalice.com/game.php?id=1466772"]
[Date "2017.2.27"]
[Round "-"]
[White "ORNELAS"]
[Black "guy92"]
[Result "0-1"]
[WhiteElo "1647"]
[BlackElo "2071"]

1. b3 e5 2. d4 exd4 3. Bb2 c5 4. Nf3 Nf6 5. Nbd2 Nc6 6. g3 Be7 7. Bg2 O-O 8. O-O
d5 9. a3 Bf5 10. c3 d3 11. exd3 Bxd3 12. Re1 Re8 13. b4 cxb4 14. axb4 Bb5 15.
Bf1 Bxf1 16. Nxf1 a6 17. Qd3 Bd6 18. Rxe8+ Qxe8 19. Ng5 Ne5 20. Qf5 Ng6 21. Bc1
Qe5 22. Qxe5 Bxe5 23. Be3 Bxc3 24. Rb1 d4 25. Bd2 Nd5 26. Bxc3 Nxc3 27. Rc1 Ne2+
28. Kg2 Nxc1 29. h4 Ne5 30. Nd2 Na2 31. Nde4 Nxb4 32. Nd6 Rb8 33. h5 h6 34. Nf3
Nxf3 35. Kxf3 b5 36. Ne4 a5 37. Kg2 a4 38. g4 a3 39. f4 a2 40. g5 a1=Q 41. g6
Qb2+ 42. Nf2 Nd3 43. gxf7+ Kxf7 44. Kf3 Qxf2+ 45. Ke4 Qe3+ 46. Kd5 Rc8 47. Kd6
Qe6# 0-1

[Event "Challenge"]
[Site "http://www.queenalice.com/game.php?id=1466773"]
[Date "2017.2.27"]
[Round "-"]
[White "ORNELAS"]
[Black "pariolinius"]
[Result "0-1"]
[WhiteElo "1530"]
[BlackElo "1851"]

1. b3 d5 2. Nf3 Nf6 3. Bb2 Nbd7 4. c4 e6 5. Bxf6 Nxf6 6. Ne5 Bd6 7. d4 c6 8. c5
Bc7 9. g3 O-O 10. Bh3 Qe7 11. O-O b6 12. Nxc6 Qe8 13. cxb6 Bxb6 14. Ne5 Ba6 15.
Nf3 Qb5 16. e3 h6 17. Nbd2 Ne4 18. a4 Qd3 19. Re1 Ba5 20. Bf1 Qc3 21. Bxa6 Nxd2
22. Nxd2 Qxd2 23. Qh5 Rab8 24. Bb5 Bc3 25. Rac1 Qb2 26. Rb1 Qa3 27. Rec1 Rbc8
28. Qe5 Bb4 29. Rd1 Bd6 30. Qh5 Rc2 0-1

[Event "Challenge"]
[Site "http://www.queenalice.com/game.php?id=1466775"]
[Date "2017.2.27"]
[Round "-"]
[White "ORNELAS"]
[Black "Geison"]
[Result "0-1"]
[WhiteElo "1650"]
[BlackElo "2071"]

1. b3 e5 2. d4 Bd6 3. Bb2 Bb4+ 4. c3 Bd6 5. e3 Nf6 6. d5 Ne4 7. Nf3 Qf6 8. Bd3
Qg6 9. O-O c6 10. dxc6 dxc6 11. Qc2 Bf5 12. Nh4 Qg5 13. Nxf5 Qxf5 14. Bxe4 Qh5
15. Bf5 e4 16. Qxe4+ Kd8 17. c4 Qxh2# 0-1

[Event "Challenge"]
[Site "http://www.queenalice.com/game.php?id=1466776"]
[Date "2017.2.27"]
[Round "-"]
[White "ORNELAS"]
[Black "Redtom"]
[Result "0-1"]
[WhiteElo "1552"]
[BlackElo "1992"]

1. b3 f5 2. d3 Nf6 3. Bg5 g6 4. d4 Bg7 5. Nd2 O-O 6. Ngf3 d6 7. Bxf6 Bxf6 8. e3
c6 9. Bc4+ d5 10. Bd3 Qe8 11. O-O e5 12. c3 e4 13. Bxe4 fxe4 14. Ne5 Bxe5 15.
dxe5 Qxe5 16. c4 Na6 17. Qc2 Nb4 18. Qd1 Nd3 19. cxd5 cxd5 20. Qc2 Be6 21. a3
Rac8 22. Qd1 Qf6 23. b4 h5 24. f4 Bg4 25. Qb3 Qe6 26. g3 Rfd8 27. Ra2 Qb6 28.
Rc2 Qxe3+ 29. Kg2 Ne1+ 30. Rxe1 Qxb3 31. Nxb3 Rxc2+ 32. Kg1 Bf3 33. Nd4 Rg2+ 34.
Kf1 Rxh2 35. Nxf3 exf3 36. Re6 Kf7 0-1

[Event "Challenge"]
[Site "http://www.queenalice.com/game.php?id=1466777"]
[Date "2017.2.27"]
[Round "-"]
[White "ORNELAS"]
[Black "The_Clown"]
[Result "0-1"]
[WhiteElo "1550"]
[BlackElo "1804"]

1. b3 d5 2. Ba3 Nd7 3. Nf3 c5 4. d4 e6 5. c3 Ngf6 6. e3 Be7 7. Bb5 O-O 8. Bxd7
Qxd7 9. Ne5 Qd6 10. b4 c4 11. b5 Qc7 12. Bxe7 Qxe7 13. O-O b6 14. a4 a6 15. bxa6
Rxa6 16. Nd2 Re8 17. Ndf3 Ne4 18. Nc6 Qc7 19. Nce5 Nxc3 20. Qc2 Ne4 21. Rfd1 b5
22. axb5 Rxa1 23. Rxa1 Qb6 24. Rb1 f6 25. Ng4 Bd7 26. Nh4 Bxb5 27. Qb2 Rb8 28.
Qa3 Nd2 29. Rb2 Nb3 30. Qe7 Qd8 31. Qxe6+ Kf8 32. Qf5 Bd7 33. Qxd5 Bxg4 34. Nf5
Qxd5 35. Ng3 c3 36. Rc2 Rc8 37. h3 Bd1 38. Ra2 c2 39. Rxc2 Rxc2 40. Nf1 Be2 41.
Ng3 g5 42. Nxe2 Rxe2 43. Kh2 Rxf2 44. h4 Qxg2# 0-1

[Event "Challenge"]
[Site "http://www.queenalice.com/game.php?id=1466784"]
[Date "2017.2.28"]
[Round "-"]
[White "ORNELAS"]
[Black "Delbo"]
[Result "0-1"]
[WhiteElo "1589"]
[BlackElo "1972"]

1. b3 b6 2. d4 Bb7 3. d5 Nf6 4. c4 e6 5. Nf3 exd5 6. cxd5 Nxd5 7. Bb2 Bb4+ 8.
Nbd2 O-O 9. g3 Re8 10. Bg2 Ba6 11. Bf1 Bc3 12. Rb1 Bxb2 13. Rxb2 Nc3 14. Qc2
Nxe2 15. Bxe2 Rxe2+ 16. Kd1 Rxf2 17. Re1 Nc6 18. Kc1 Qf6 19. Kb1 Rxf3 20. Nxf3
Qxf3 21. Ka1 Kf8 22. Qxh7 Ne7 23. Qh8+ Ng8 24. Qh3 Bb5 25. Rc1 c5 26. a4 Bc6 27.
Rf1 Qc3 28. Qf5 f6 29. Ka2 Re8 30. Rd1 d5 31. Rd3 Qe5 32. Qg4 Qe4 33. Qd1 d4 34.
Rdd2 Qe1 35. Qc2 Nh6 36. Rb1 Qe4 37. Qc4 Nf5 38. Rbb2 Ne3 39. Qa6 Re7 40. Qc8+
Kf7 41. Qh3 Qg4 42. Qh8 Re8 43. Qh7 Be4 44. Qh4 Qxh4 45. gxh4 Rh8 46. Ka3 Rxh4
47. b4 Nc4+ 48. Kb3 Nxd2+ 49. Rxd2 Bd5+ 50. Ka3 c4 51. b5 Rh3+ 52. Kb4 Rb3# 0-1

[Event "Challenge"]
[Site "http://www.queenalice.com/game.php?id=1466785"]
[Date "2017.2.28"]
[Round "-"]
[White "ORNELAS"]
[Black "brigador"]
[Result "0-1"]
[WhiteElo "1645"]
[BlackElo "2064"]

1. b3 d5 2. Bb2 Nc6 3. Nf3 Bg4 4. d3 Bxf3 5. exf3 e5 6. Nd2 Nf6 7. Be2 Bd6 8.
O-O O-O 9. a3 a6 10. b4 b5 11. c3 Ne8 12. d4 exd4 13. cxd4 Nxd4 14. Bxd4 Nf6 15.
Qc2 Re8 16. Bd3 Rc8 17. Bxf6 Qxf6 18. Bxh7+ Kf8 19. Bf5 Rcd8 20. Rae1 Qh6 21.
Rxe8+ Rxe8 22. g3 Qg5 23. Bd7 Re2 24. Qd3 Rxd2 25. Qh7 Ke7 26. Qg8 Kf6 27. Qd8+
Kg6 28. Qc8 Qf6 29. f4 Ra2 30. f5+ Kg5 31. Qh8 Qh6 32. Qd8+ f6 33. h4+ Kg4 34.
Rd1 Bxg3 35. Rd4+ Kh3 36. fxg3 Qe3+ 37. Kf1 Qf2# 0-1

[Event "Challenge"]
[Site "http://www.queenalice.com/game.php?id=1466786"]
[Date "2017.2.28"]
[Round "-"]
[White "ORNELAS"]
[Black "Lapoule"]
[Result "0-1"]
[WhiteElo "1678"]
[BlackElo "1804"]

1. b3 e5 2. d4 exd4 3. Qxd4 Nc6 4. Qe4+ Qe7 5. Qf4 g5 6. Qxc7 h6 7. Bb2 f6 8.
Ba3 Nb4 9. Bxb4 Qxb4+ 10. Nd2 Qa3 11. Ngf3 Bd6 12. Qc3 Bb4 13. Qd4 d6 14. Qe4+
Ne7 15. Qc4 a6 16. Rb1 b5 17. Qd4 O-O 18. g3 Bb7 19. Bh3 f5 20. O-O Bxd2 21.
Qxd2 g4 22. Bxg4 fxg4 23. Qxh6 gxf3 24. exf3 Bxf3 25. Qg5+ Kf7 26. h4 Qc5 27.
Rfe1 Qxg5 28. hxg5 Rh8 29. g6+ Nxg6 30. Re3 Rh1# 0-1

[Event "Challenge"]
[Site "http://www.queenalice.com/game.php?id=1466787"]
[Date "2017.2.28"]
[Round "-"]
[White "ORNELAS"]
[Black "carpio1969"]
[Result "1-0"]
[WhiteElo "1648"]
[BlackElo "1671"]

1. b3 e5 2. Bb2 Nc6 3. d3 Nf6 4. Nf3 Bc5 5. e3 d6 6. Nbd2 O-O 7. Be2 Ng4 8. O-O
Bxe3 9. fxe3 Nxe3 10. Qc1 Nxf1 11. Qxf1 Qf6 12. Ne4 Qg6 13. Neg5 h6 14. Ne4 f5
15. Ng3 f4 16. Ne4 Bh3 17. Nh4 Nd4 18. Nxg6 Nxe2+ 19. Qxe2 Rf5 20. Ne7+ 1-0

[Event "Challenge"]
[Site "http://www.queenalice.com/game.php?id=1466788"]
[Date "2017.2.28"]
[Round "-"]
[White "ORNELAS"]
[Black "Lapoule"]
[Result "0-1"]
[WhiteElo "1596"]
[BlackElo "1815"]

1. b3 e6 2. d4 d5 3. Nf3 f6 4. Nh4 Nc6 5. Bf4 e5 6. dxe5 fxe5 7. Bg3 Be7 8. e3
g6 9. Bb5 Bxh4 10. Bxh4 Qxh4 11. Bxc6+ bxc6 12. Qf3 Bg4 13. Qg3 Qxg3 14. hxg3 h5
15. Nd2 Nf6 16. f3 Bf5 17. O-O-O Ke7 18. Kb1 Rab8 19. f4 Ng4 20. fxe5 Nf2 21.
Nf3 Nxd1 22. Rxd1 Be4 23. Ng5 Bxg2 24. Kb2 Rhf8 25. Rd2 Be4 26. e6 Rf5 27. Nxe4
dxe4 28. Rd7+ Kxe6 29. Rxc7 Rb6 30. Rxa7 Rf3 31. Rg7 Kf6 32. Rd7 Rxe3 33. Rd6+
Kf5 34. Rd7 Rxg3 35. Rf7+ Kg5 36. Re7 e3 37. Re5+ Kf6 38. Re4 Kf5 39. Re7 c5 40.
Rf7+ Rf6 41. Rc7 Re6 42. Rxc5+ Re5 43. Rc7 e2 44. Rf7+ Kg5 45. a4 e1=Q 46. Rc7
Rg1 47. Rc3 Qa1# 0-1

[Event "Challenge"]
[Site "http://www.queenalice.com/game.php?id=1466793"]
[Date "2017.2.28"]
[Round "-"]
[White "ORNELAS"]
[Black "Scharlatan"]
[Result "0-1"]
[WhiteElo "1525"]
[BlackElo "2013"]

1. b3 e5 2. d4 exd4 3. Qxd4 Nc6 4. Qe4+ Qe7 5. Qf4 d5 6. Ba3 Nb4 7. Bxb4 Qxb4+
8. Qxb4 Bxb4+ 9. c3 Bd6 10. Nf3 Nf6 11. Ng5 O-O 12. g3 h6 13. Nf3 Bg4 14. Bg2
Ne4 15. O-O Rfe8 16. Nbd2 Nxc3 17. Rfe1 Nxe2+ 18. Kh1 d4 19. h3 Bd7 0-1

[Event "Challenge"]
[Site "http://www.queenalice.com/game.php?id=1467697"]
[Date "2017.3.7"]
[Round "-"]
[White "ORNELAS"]
[Black "dmbenati"]
[Result "0-1"]
[WhiteElo "1625"]
[BlackElo "1660"]

1. b3 Nf6 2. d3 e5 3. Bb2 Bd6 4. g3 e4 5. Bxf6 Qxf6 6. Nd2 exd3 7. Ne4 Qd4 8.
cxd3 Bb4+ 9. Nd2 d6 10. Nf3 Qf6 11. Bg2 Nc6 12. O-O Nd4 13. Ne4 Nxf3+ 14. exf3
Qh6 15. f4 O-O 16. Ng5 Bf5 17. Rc1 c6 18. Rc4 a5 19. a4 d5 20. Rc1 f6 21. Nf3
Bh3 22. Nh4 Bxg2 23. Kxg2 g6 24. Rc2 Rfe8 25. Re2 Rxe2 26. Qxe2 Qf8 27. f5 g5
28. Qe6+ Qf7 29. Qe3 gxh4 30. Qh6 hxg3 31. hxg3 Bf8 32. Qh4 Bg7 33. Rh1 Bf8 34.
Qg4+ Bg7 35. Rh4 Re8 36. Qh3 Bf8 37. Rg4+ Bg7 38. Rh4 Bf8 39. d4 Re4 40. g4 Rxd4
41. Rh5 Rd2 42. Qh4 Bc5 43. g5 Rxf2+ 44. Kg3 Rxf5 45. Qg4 Rxg5 46. Rxg5+ fxg5
47. Qc8+ Kg7 48. Kg4 Qf4+ 49. Kh5 Qh4# 0-1

[Event "Challenge"]
[Site "http://www.queenalice.com/game.php?id=1467699"]
[Date "2017.3.7"]
[Round "-"]
[White "ORNELAS"]
[Black "chessplayer123"]
[Result "0-1"]
[WhiteElo "1573"]
[BlackElo "1861"]

1. b3 e5 2. d4 exd4 3. Qxd4 d5 4. Bb2 Be7 5. Qxg7 Bf6 6. Bxf6 Qxf6 7. Qxf6 Nxf6
8. Nf3 Bf5 9. Ne5 Bxc2 10. Nd2 Bf5 11. Ndf3 Nbd7 12. Nxd7 Bxd7 13. e3 O-O-O 14.
Bd3 c6 15. Ne5 Be6 16. b4 Ne4 17. O-O f5 18. Bxe4 fxe4 19. Rac1 Kb8 20. a4 h5
21. b5 cxb5 22. axb5 Bg4 23. Nf7 Be2 24. Rfe1 Bxb5 25. Nxd8 Rxd8 26. Red1 Bd3
27. h3 b5 28. Rc5 Bc4 29. Ra1 Kb7 30. Rb1 Kb6 31. Rxc4 dxc4 32. Rc1 a5 33. f4
Kc5 34. Kh2 a4 35. f5 a3 36. Rc2 b4 37. f6 b3 38. Rf2 a2 39. Rf1 Rf8 40. f7 Rxf7
41. Rxf7 a1=Q 42. Rc7+ Kb4 43. Rb7+ Kc3 44. Rb5 b2 45. Rxh5 b1=Q 46. Rd5 Qh1+
47. Kg3 Qae1+ 48. Kf4 Qh4+ 49. Ke5 Qxg2 50. Kd6 Qh6+ 51. Kc5 Qf8+ 52. Kb5 Qb2+
53. Kc6 Qc8+ 54. Kd6 Qb4+ 55. Ke5 Qe7+ 56. Kf4 Qcf8+ 57. Rf5 Qh4+ 58. Ke5 Qc5+
59. Ke6 Qh6+ 60. Rf6 Qd5+ 61. Ke7 Qe5+ 62. Kf7 Qexf6+ 63. Ke8 Qhf8+ 64. Kd7
Q8e7+ 65. Kc8 Qff8# 0-1

[Event "Challenge"]
[Site "http://www.queenalice.com/game.php?id=1467700"]
[Date "2017.3.7"]
[Round "-"]
[White "ORNELAS"]
[Black "Lordul"]
[Result "0-1"]
[WhiteElo "1557"]
[BlackElo "1842"]

1. b3 d5 2. Bb2 h5 3. Nf3 f6 4. d3 g5 5. g3 e5 6. Bg2 c6 7. h4 g4 8. Nfd2 b5 9.
e4 d4 10. Ba3 b4 11. Bb2 a5 12. Nc4 Be6 13. a3 Bxc4 14. dxc4 Rh7 15. axb4 Bxb4+
16. Nd2 Raa7 17. O-O Bxd2 18. Qxd2 c5 19. Ba3 Qc8 20. c3 Rhd7 21. cxd4 Rxd4 22.
Qe3 Na6 23. Rad1 Rad7 24. Rxd4 Rxd4 25. Bb2 Rd6 26. Ra1 Qc7 27. Bc3 Nb4 28. Bxb4
cxb4 29. Bf1 Rc6 30. Rd1 Qf7 31. Rd5 Qc7 32. Bd3 Ne7 33. Rb5 Ng8 34. c5 Qa7 35.
Bc4 Kf8 36. Bxg8 Kxg8 37. Qh6 Rxc5 38. Qg6+ Kf8 39. Qxf6+ Kg8 40. Qg5+ Kf7 41.
Qxh5+ Kg7 42. Qg5+ Kh8 43. Qd8+ Kg7 44. Qg5+ Kf7 45. Qh5+ Kg7 46. Qxg4+ Kf6 47.
Qf5+ Kg7 48. Qg5+ Kf7 49. Qf5+ Kg7 50. Qg5+ Kh7 51. Rxc5 Qxc5 52. Qf5+ Kh8 53.
Qf6+ Kg8 54. Qe6+ Kh7 55. Qf7+ Kh8 56. h5 Qd6 57. Qe8+ Kh7 58. Qf7+ Kh8 59. Qf5
Kg7 60. Qg5+ Kh7 61. Qf5+ Kh6 62. g4 Kg7 63. g5 Qd1+ 64. Kg2 Qxh5 65. Qf6+ Kg8
66. Qxe5 Qg4+ 67. Kf1 a4 68. bxa4 b3 69. Qe6+ Kg7 70. Qxb3 Qxe4 71. Qc3+ Kh7 72.
Qc7+ Kg6 73. Qd8 Qxa4 74. Qf6+ Kh5 0-1

[Event "Challenge"]
[Site "http://www.queenalice.com/game.php?id=1467761"]
[Date "2017.3.7"]
[Round "-"]
[White "ORNELAS"]
[Black "Knightgirl"]
[Result "0-1"]
[WhiteElo "1550"]
[BlackElo "1720"]

1. b3 d5 2. Bb2 Nf6 3. Nf3 Bf5 4. Ba3 Nc6 5. Ng5 Qd7 6. d3 O-O-O 7. b4 Nd4 8. e3
Nb5 9. Bb2 e6 10. Bxf6 gxf6 11. Nf3 Qc6 12. a3 Bh6 13. g3 Bg4 14. Bg2 e5 15.
Nbd2 e4 16. dxe4 dxe4 17. O-O Bxf3 18. Nxf3 Rxd1 19. Rfxd1 Qxc2 20. Nd4 Nxd4 21.
Rxd4 Qc3 22. Rad1 Qxa3 23. Rxe4 Qa4 24. Bf3 Qb5 25. Rh4 Bf8 26. Rhd4 Bd6 27.
Bg4+ f5 28. Bf3 Bxb4 29. Rd5 Bd6 30. Rxb5 b6 31. Bc6 Rd8 32. Rxf5 Rf8 33. Ra1 a5
34. Bb5 Kb7 35. Rc1 c5 36. Rf6 Be5 37. Bc6+ Kc7 38. Rh6 f6 39. Bb5 Rf7 40. Bc4
Re7 41. Bb5 Rg7 42. Rd1 Kc8 43. Rh4 Kc7 44. Re4 Re7 45. Kg2 Kb7 46. Rd8 Kc7 47.
Ra8 Kb7 48. Rd8 Kc7 49. Ra8 Kb7 50. Ra6 Rc7 51. Rg4 Rc8 52. Rg7+ Bc7 53. Rxh7
Rd8 54. Rf7 Rd6 55. e4 Re6 56. Rf8 Bb8 57. Rf7+ Bc7 58. h4 Rxe4 59. Rxf6 Rb4 60.
Be2 Rb2 61. Re6 Rc2 62. Kf3 Rc3+ 63. Kg2 Rc2 64. Re8 Kc6 0-1

[Event "Challenge"]
[Site "http://www.queenalice.com/game.php?id=1467762"]
[Date "2017.3.7"]
[Round "-"]
[White "ORNELAS"]
[Black "PatricioKM"]
[Result "0-1"]
[WhiteElo "1593"]
[BlackElo "1705"]

1. b3 e5 2. d4 exd4 3. Qxd4 Nc6 4. Qc3 Bb4 5. Bd2 Bxc3 6. Bxc3 Nf6 7. Nd2 O-O 8.
Ngf3 d5 9. g3 Ne4 10. Bg2 Nxc3 11. O-O Nxe2+ 12. Kh1 Nb4 13. c4 Bf5 14. Rfe1 Nc2
15. Rxe2 Nxa1 16. cxd5 Re8 17. Ne5 f6 18. Ndf3 fxe5 19. h3 Qxd5 20. Re1 Nc2 21.
Rc1 Nd4 22. Nxd4 Qxd4 23. Rf1 e4 24. Kh2 e3 25. fxe3 Rxe3 26. Rxf5 Rf8 27. Rg5
Rf2 28. h4 Ree2 29. h5 Rxg2+ 30. Kh1 Re1+ 31. Kxg2 Qg1+ 32. Kf3 Qe3+ 33. Kg4
Qe4+ 34. Kh3 Rh1# 0-1

[Event "Challenge"]
[Site "http://www.queenalice.com/game.php?id=1467763"]
[Date "2017.3.7"]
[Round "-"]
[White "ORNELAS"]
[Black "a3035"]
[Result "0-1"]
[WhiteElo "1564"]
[BlackElo "1612"]

1. b3 e5 2. d4 exd4 3. Qxd4 Nc6 4. Qe4+ Be7 5. Bb2 f6 6. Qg4 g6 7. Qe4 d5 8. Qe3
Bf5 9. Nf3 Qd7 10. g3 O-O-O 11. Nbd2 Bb4 12. Bg2 Nge7 13. Bd4 Nxd4 14. Qxd4
Bxd2+ 15. Nxd2 Qe6 16. Qxa7 Bg4 17. O-O Qxe2 18. Nf3 Bxf3 19. Qa8+ Kd7 20. Qxb7
Bxg2 21. Kxg2 Qe4+ 22. Kg1 Qxc2 23. Rfc1 Qb2 24. Qxc7+ Ke8 25. Qb6 d4 26. Qb5+
Kf7 27. Rcb1 Qc2 28. Rc1 Qb2 29. Qc4+ Kg7 30. Qc7 Rhe8 31. Rcb1 Qa3 32. b4 d3
33. Rb3 Qa6 34. b5 Qd6 35. Qc1 Qe5 36. Rb2 Rc8 37. Qd2 Red8 38. Re1 Rc2 39. Rxe5
Rxd2 40. Rxe7+ Kf8 41. Rxh7 Rxb2 42. a4 d2 43. Rh8+ Ke7 44. Rh7+ Ke6 45. Rb7
d1=Q+ 46. Kg2 Qd5+ 47. Kh3 Qxb7 48. f4 Rh8+ 49. Kg4 Kd5 50. h4 Ra2 51. f5 gxf5+
52. Kxf5 Kd4 53. Kxf6 Rc8 54. h5 Rxa4 55. h6 Qh7 56. Kg5 Rb4 57. b6 Rxb6 58. g4
Qxh6+ 59. Kf5 Kc3 60. g5 Qf8+ 61. Kg4 Qh8 62. Kg3 Rb4 63. g6 Qg7 64. Kf3 Qxg6
65. Ke2 Qd6 66. Kf3 Re8 67. Kf2 Qf6+ 68. Kg3 Rg8+ 69. Kh3 Qh6# 0-1

[Event "Challenge"]
[Site "http://www.queenalice.com/game.php?id=1467764"]
[Date "2017.3.7"]
[Round "-"]
[White "ORNELAS"]
[Black "pomar"]
[Result "0-1"]
[WhiteElo "1601"]
[BlackElo "2069"]

1. b3 e6 2. d4 d5 3. Nf3 c5 4. Ba3 Qb6 5. e3 Nc6 6. dxc5 Bxc5 7. Bb2 Nf6 8. Nbd2
Bd7 9. Bxf6 gxf6 10. g3 e5 11. Bg2 Bb4 12. O-O Bg4 13. a3 Bc3 14. Ra2 e4 15. Qe2
O-O-O 16. a4 Ne5 17. Nb1 exf3 18. Bxf3 Bxf3 19. Qb5 Qa5 20. Qxa5 Bxa5 21. c3 h5
22. b4 Bc7 23. Nd2 h4 24. Nxf3 Nxf3+ 25. Kg2 Ng5 26. a5 hxg3 27. hxg3 Ne4 28. a6
Nxc3 29. Ra3 Ne4 30. b5 bxa6 31. Rxa6 Bb6 32. Rc1+ Kb7 33. Rc6 Nd6 34. Kf3 Nxb5
35. Rxf6 Kxa6 36. Rxf7 Rdf8 37. Rxf8 Rxf8+ 38. Ke2 Nc3+ 39. Kd2 Ne4+ 40. Kd3
Rxf2 41. g4 Rd2# 0-1

[Event "Challenge"]
[Site "http://www.queenalice.com/game.php?id=1467768"]
[Date "2017.3.7"]
[Round "-"]
[White "ORNELAS"]
[Black "miltonloviski"]
[Result "0-1"]
[WhiteElo "1559"]
[BlackElo "2015"]

1. b3 e5 2. d4 exd4 3. Qxd4 Nc6 4. Qe4+ Be7 5. Ba3 Nf6 6. Qg4 Nxg4 7. Bb2 Bc5 8.
e3 f6 9. Nf3 Bxe3 10. Ba3 Bxf2+ 11. Kd1 Bb6 12. Kc1 Be3+ 13. Kb2 Nf2 14. Nc3
Nxh1 15. Bb5 Nf2 16. Re1 Ng4 17. h3 Nge5 18. Rxe3 d6 19. Nxe5 dxe5 20. Rg3 Kf7
21. Bc4+ Be6 22. Bxe6+ Kxe6 0-1

[Event "Challenge"]
[Site "http://www.queenalice.com/game.php?id=1468290"]
[Date "2017.3.10"]
[Round "-"]
[White "ORNELAS"]
[Black "nuage"]
[Result "0-1"]
[WhiteElo "1581"]
[BlackElo "1771"]

1. b3 Nf6 2. Bb2 d5 3. Bxf6 exf6 4. c3 Bf5 5. d3 Bd6 6. b4 O-O 7. Nd2 Qe7 8. g3
Bxd3 9. Ngf3 Nd7 10. a3 b5 11. Bg2 c6 12. Bf1 Rae8 13. e3 Bg6 14. Bg2 Nb6 15.
O-O Bd3 16. Nd4 Bxf1 17. Qxf1 c5 18. bxc5 Bxc5 19. N2f3 Nc4 20. Nf5 Qe4 21. N3h4
Qe6 22. Bh3 Qe4 23. Bg2 Qc2 24. Bxd5 Qxc3 25. Bxc4 bxc4 26. a4 g6 27. Nh6+ Kh8
28. Rc1 Qb4 29. Rxc4 Qb6 30. Kg2 Qc6+ 31. Kg1 Kg7 32. Ng4 f5 33. Nh6 Kxh6 34.
Qe2 Re5 35. Nf3 Re4 36. Rxe4 Qxe4 37. Nh4 Qb1+ 38. Kg2 Qe4+ 39. Nf3 Qxa4 40. Nh4
Qe4+ 41. Nf3 g5 42. Kg1 g4 43. Nh4 Qb1+ 44. Kg2 Qe4+ 45. Kg1 Qb1+ 46. Kg2 Qe4+
47. Kf1 Qh1# 0-1

[Event "Challenge"]
[Site "http://www.queenalice.com/game.php?id=1470278"]
[Date "2017.3.24"]
[Round "-"]
[White "ORNELAS"]
[Black "marilena"]
[Result "0-1"]
[WhiteElo "1501"]
[BlackElo "1513"]

1. b3 d6 2. e4 e5 3. Ba3 Nf6 4. d3 c6 5. Nf3 Bg4 6. Be2 Bxf3 7. Bxf3 d5 8. Bxf8
Kxf8 9. exd5 cxd5 10. Qd2 e4 0-1

[Event "Challenge"]
[Site "http://www.queenalice.com/game.php?id=1470279"]
[Date "2017.3.24"]
[Round "-"]
[White "ORNELAS"]
[Black "marilena"]
[Result "0-1"]
[WhiteElo "1518"]
[BlackElo "1496"]

1. b3 e6 2. d4 d5 3. Nf3 f6 4. Ba3 Nd7 5. Bxf8 Kxf8 6. g3 Nb6 7. c3 g5 8. Bg2
Nd7 9. Nbd2 e5 10. dxe5 fxe5 0-1